书目信息 |
| 题名: |
固原岩盐矿区水资源环境研究
|
|
| 作者: | 宋新华 主编 ;宁夏地质矿产资源勘查开发创新团队 编著 | |
| 分册: | ||
| 出版信息: | 银川 宁夏人民出版社 2013 |
|
| 页数: | 170页 | |
| 开本: | 24cm | |
| 丛书名: | ||
| 单 册: | ||
| 中图分类: | P641.624.33 , P641 | |
| 科图分类: | ||
| 主题词: | 盐类矿床--地下水资源--研究--固原 , 盐类矿床 , 地下水资源 | |
| 电子资源: | ||
| ISBN: | 978-7-227-05604-1 | |
| 000 | 01217nam0 2200289 450 | |
| 001 | 2358015295 | |
| 005 | 20231208160856.27 | |
| 010 | @a978-7-227-05604-1@dCNY 26.80 | |
| 100 | @a20140923d2013 em y0chiy0120 ea | |
| 101 | 0 | @achi |
| 102 | @aCN@b640000 | |
| 105 | @aab z 000yy | |
| 200 | 1 | @a固原岩盐矿区水资源环境研究@Agu yuan yan yan kuang qu shui zi yuan huan jing yan jiu@b专著@f宋新华[等]主编@g宁夏地质矿产资源勘查开发创新团队编著 |
| 210 | @a银川@c宁夏人民出版社@d2013 | |
| 215 | @a170页@c地图,图@d24cm | |
| 300 | @a国土资源部公益性行业科研专项——《宁夏固原岩盐资源勘查开发关键问题研究》资助 | |
| 304 | @a主编还有:薛忠歧、于艳青、胡伏生 | |
| 330 | @a本书将地球水化学与地下水动力学理论有机结合,选取典型剖面,通过水流模型与水-岩相互作用分析,揭示了宁夏固原岩盐矿区高矿化泉水的形成机理及其对区域地下水环境的影响。 | |
| 606 | 0 | @a盐类矿床@x地下水资源@x研究@y固原 |
| 606 | 0 | @a盐类矿床 |
| 606 | 0 | @a地下水资源 |
| 690 | @aP641.624.33@v5 | |
| 690 | @aP641@v4 | |
| 701 | 0 | @a宋新华@Asong xin hua@f(1963 )@4主编 |
| 712 | 02 | @a宁夏地质矿产资源勘查开发创新团队@Aning xia di zhi kuang chan zi yuan kan cha kai fa chuang xin tuan dui@4编著 |
| 801 | 2 | @aCN@b辽宁北配@c20231205 |
| 905 | @aBZT@dP641@e1 | |
| 固原岩盐矿区水资源环境研究/宋新华[等]主编/宁夏地质矿产资源勘查开发创新团队编著.-银川:宁夏人民出版社,2013 |
| 170页:地图,图;24cm |
| 国土资源部公益性行业科研专项——《宁夏固原岩盐资源勘查开发关键问题研究》资助 |
| ISBN 978-7-227-05604-1:CNY 26.80 |
| 本书将地球水化学与地下水动力学理论有机结合,选取典型剖面,通过水流模型与水-岩相互作用分析,揭示了宁夏固原岩盐矿区高矿化泉水的形成机理及其对区域地下水环境的影响。 |
| ● |
| 相关链接 |
|
|
|
正题名:固原岩盐矿区水资源环境研究
索取号:P641/1
 
预约/预借
| 序号 | 登录号 | 条形码 | 馆藏地/架位号 | 状态 | 备注 |
| 1 | 2001557830 | 2001557830 | 辽三/辽宁北配(第三批)/1307/ [索取号:P641/1] | 在馆 | |
| 2 | 2001557831 | 2001557831 | 辽三/辽宁北配(第三批)/1307/ [索取号:P641/1] | 在馆 | |
| 3 | 2001557832 | 2001557832 | 辽三/辽宁北配(第三批)/1307/ [索取号:P641/1] | 在馆 | |
| 4 | 2001557833 | 2001557833 | 辽三/辽宁北配(第三批)/1307/ [索取号:P641/1] | 在馆 | |
| 5 | 2001557834 | 2001557834 | 辽三/辽宁北配(第三批)/1307/ [索取号:P641/1] | 在馆 | |
| 6 | 2001557835 | 2001557835 | 辽三/辽宁北配(第三批)/1307/ [索取号:P641/1] | 在馆 | |
| 7 | 2001557836 | 2001557836 | 辽三/辽宁北配(第三批)/1307/ [索取号:P641/1] | 在馆 | |
| 8 | 2001557837 | 2001557837 | 辽三/辽宁北配(第三批)/1307/ [索取号:P641/1] | 在馆 | |
| 9 | 2001557838 | 2001557838 | 辽三/辽宁北配(第三批)/1307/ [索取号:P641/1] | 在馆 | |
| 10 | 2001557839 | 2001557839 | 辽三/辽宁北配(第三批)/1307/ [索取号:P641/1] | 在馆 | |
| 11 | 2001557840 | 2001557840 | 辽三/辽宁北配(第三批)/1307/ [索取号:P641/1] | 在馆 | |
| 12 | 2001557841 | 2001557841 | 辽三/辽宁北配(第三批)/1307/ [索取号:P641/1] | 在馆 | |
| 13 | 2001557842 | 2001557842 | 辽三/辽宁北配(第三批)/1307/ [索取号:P641/1] | 在馆 | |
| 14 | 2001557843 | 2001557843 | 辽三/辽宁北配(第三批)/1307/ [索取号:P641/1] | 在馆 | |
| 15 | 2001557844 | 2001557844 | 辽三/辽宁北配(第三批)/1307/ [索取号:P641/1] | 在馆 | |
| 16 | 2001557845 | 2001557845 | 辽三/辽宁北配(第三批)/1307/ [索取号:P641/1] | 在馆 | |
| 17 | 2001557846 | 2001557846 | 辽三/辽宁北配(第三批)/1307/ [索取号:P641/1] | 在馆 | |
| 18 | 2001557847 | 2001557847 | 辽三/辽宁北配(第三批)/1307/ [索取号:P641/1] | 在馆 | |
| 19 | 2001557848 | 2001557848 | 辽三/辽宁北配(第三批)/1307/ [索取号:P641/1] | 在馆 | |
| 20 | 2001557849 | 2001557849 | 辽三/辽宁北配(第三批)/1307/ [索取号:P641/1] | 在馆 | |
| 21 | 2001557850 | 2001557850 | 辽三/辽宁北配(第三批)/1307/ [索取号:P641/1] | 在馆 | |
| 22 | 2001557851 | 2001557851 | 辽三/辽宁北配(第三批)/1307/ [索取号:P641/1] | 在馆 | |
| 23 | 2001557852 | 2001557852 | 辽三/辽宁北配(第三批)/1307/ [索取号:P641/1] | 在馆 | |
| 24 | 2001557853 | 2001557853 | 辽三/辽宁北配(第三批)/1307/ [索取号:P641/1] | 在馆 | |
| 25 | 2001557854 | 2001557854 | 辽三/辽宁北配(第三批)/1307/ [索取号:P641/1] | 在馆 | |
| 26 | 2001557855 | 2001557855 | 辽三/辽宁北配(第三批)/1307/ [索取号:P641/1] | 在馆 | |
| 27 | 2001557856 | 2001557856 | 辽三/辽宁北配(第三批)/1307/ [索取号:P641/1] | 在馆 | |
| 28 | 2001557857 | 2001557857 | 辽三/辽宁北配(第三批)/1307/ [索取号:P641/1] | 在馆 | |
| 29 | 2001557858 | 2001557858 | 辽三/辽宁北配(第三批)/1307/ [索取号:P641/1] | 在馆 | |
| 30 | 2001557859 | 2001557859 | 辽三/辽宁北配(第三批)/1307/ [索取号:P641/1] | 在馆 |